| 000 | 00928nam a22002177a 4500 | ||
|---|---|---|---|
| 003 | OSt | ||
| 005 | 20250819144253.0 | ||
| 008 | 241007b |||||||| |||| 00| 0 eng d | ||
| 040 | _c0 | ||
| 082 | _aDPer 613.705 J826 January-December 2020 v. 91 n. 1-9 | ||
| 100 |
_aKozub, Francis M. _eauthor. _962463 |
||
| 245 |
_aInterscholastic participation for athletes with disabilities revisited : _bare today's programs doing enough? / _cFrancis M. Kozub and Amaury Samalot-Rivera. |
||
| 260 |
_aVirginia ; _bAmerican Alliance for Health , _cFebruary 2020. |
||
| 300 |
_aVolume 91, pages 42-51 : _billustration ; _c28 cm. |
||
| 500 | _aThe Journal of Physical Education Recreation & Dance, vol. 91, no. 2, pages 42-51, February 2020. | ||
| 650 | 0 |
_aPhysical education. _950439 |
|
| 650 | 0 |
_aAthletes. _918755 |
|
| 700 |
_aKozub, Francis M. _eauthor. _962463 |
||
| 700 |
_aSamalot-Rivera, Amaury. _eauthor. _966932 |
||
| 942 |
_2ddc _cPER |
||
| 999 |
_c22312 _d22312 |
||